00689nam a2200217Ia 4500003000900000008004100009020001800050040001600068080001600084100001900100245007400119260003100193300001300224650001900237650002300256650002600279700002700305942000700332999001500339952011700354IN-BaIIA211028s9999 xx 000 0 eng d a0-408-70553-1 cIIA Library a535.33bALL aAllen, G99970 0aStatistical mechanics and spectroscopycG. Allen and H. O. Pritchard. aLondonbButterworthsc1974 ax, 140p. aNASA Thesaurus aSpectroscopy91535 aStatistical Mechanics aPritchard, H. O.99971 cBK c5757d5757 00104070aBANbBANcGENd1978-04-04g49.00l0o535.33/ ALLp6437r2021-11-05v49.00w1978-04-04yBKGRs. 49.00